[Event "DVM U10 2023"]
[Site "Magdeburg GER"]
[Date "2023.12.28"]
[Round "4"]
[White "Ziem, Ole"]
[Black "Mulgunov, Alexej Nikolaj"]
[Result "1-0"]
[Termination "normal"]
[Board "19.1"]
[WhiteElo "1391"]
[BlackElo "1139"]
[WhiteClock "00:40:23"]
[BlackClock "00:40:20"]
[WhiteTeam "USC Magdeburg"]
[BlackTeam "fuß brothers Jena"]
[PlyCount "55"]
[WhiteFideId "34624791"]
[EventCountry "GER"]
[EventRounds "7"]
[EventType "team-swiss"]
[EventDate "2023.12.27"]

1. c4 {[%clk 00:55:09]} Nf6 {[%clk 00:55:06]} {[%emt 00:00:05]} 2. Nc3 {[%clk
00:55:08]} {[%emt 00:00:06]} g6 {[%clk 00:55:05]} {[%emt 00:00:05]} 3. g3
{[%clk 00:55:07]} {[%emt 00:00:07]} Bg7 {[%clk 00:54:58]} {[%emt 00:00:07]} 4.
Bg2 {[%clk 00:55:07]} {[%emt 00:00:09]} d6 {[%clk 00:54:57]} {[%emt 00:00:06]}
5. Nf3 {[%clk 00:54:53]} {[%emt 00:00:19]} O-O {[%clk 00:54:32]} {[%emt
00:00:26]} 6. O-O {[%clk 00:54:46]} {[%emt 00:00:16]} e5 {[%clk 00:54:03]}
{[%emt 00:00:31]} 7. d3 {[%clk 00:54:47]} {[%emt 00:00:07]} Nc6 {[%clk
00:53:32]} {[%emt 00:00:33]} 8. Bd2 {[%clk 00:54:14]} {[%emt 00:00:40]} Nd4
{[%clk 00:52:47]} {[%emt 00:00:51]} 9. Nxd4 {[%clk 00:53:55]} {[%emt 00:00:24]}
exd4 {[%clk 00:52:37]} {[%emt 00:00:10]} 10. Ne4 {[%clk 00:53:55]} {[%emt
00:00:10]} c6 {[%clk 00:52:07]} {[%emt 00:00:25]} 11. e3 {[%clk 00:53:43]}
{[%emt 00:00:27]} dxe3 {[%emt 00:00:18]} 12. fxe3 {[%emt 00:00:09]} d5 {[%clk
00:51:33]} {[%emt 00:00:07]} 13. Nxf6+ {[%clk 00:53:30]} {[%emt 00:00:24]} Bxf6
{[%emt 00:00:12]} 14. cxd5 {[%emt 00:00:30]} cxd5 {[%clk 00:50:37]} {[%emt
00:00:12]} 15. d4 {[%clk 00:53:02]} {[%emt 00:00:40]} b6 {[%clk 00:49:12]}
{[%emt 00:01:25]} 16. Rc1 {[%clk 00:52:27]} {[%emt 00:00:46]} Ba6 {[%clk
00:48:59]} {[%emt 00:00:13]} 17. Rf2 {[%clk 00:52:12]} {[%emt 00:00:24]} Re8
{[%clk 00:47:45]} {[%emt 00:01:07]} 18. Qb3 {[%clk 00:51:39]} {[%emt 00:00:51]}
Bc4 {[%clk 00:47:06]} {[%emt 00:00:34]} 19. Qd1 {[%clk 00:50:46]} {[%emt
00:01:07]} Bg5 {[%clk 00:45:16]} {[%emt 00:01:55]} 20. Rc3 {[%clk 00:46:01]}
{[%emt 00:04:50]} b5 {[%clk 00:45:08]} {[%emt 00:00:08]} 21. a3 {[%clk
00:45:36]} {[%emt 00:00:36]} a5 {[%clk 00:44:50]} {[%emt 00:00:19]} 22. Qc1
{[%clk 00:42:33]} {[%emt 00:03:08]} b4 {[%clk 00:43:47]} {[%emt 00:00:12]} 23.
Rxc4 {[%clk 00:42:00]} {[%emt 00:01:37]} dxc4 {[%emt 00:00:14]} 24. Bxa8 {[%emt
00:00:09]} Qxa8 {[%clk 00:42:34]} {[%emt 00:00:09]} 25. Qxc4 {[%clk 00:41:31]}
{[%emt 00:01:18]} Bxe3 {[%emt 00:00:46]} 26. Bxe3 {[%emt 00:00:06]} Rxe3 {[%clk
00:41:38]} {[%emt 00:00:05]} 27. Rxf7 {[%clk 00:40:54]} {[%emt 00:00:48]} Re2
{[%clk 00:40:20]} {[%emt 00:01:16]} 28. Ra7+ {[%clk 00:40:23]} {[%emt
00:00:42]} 1-0

[Event "DVM U10 2023"]
[Site "Magdeburg GER"]
[Date "2023.12.28"]
[Round "4"]
[White "Glöckner, Jakob"]
[Black "Tran, Gia Huy"]
[Result "0-1"]
[Termination "normal"]
[Board "19.2"]
[WhiteElo "865"]
[BlackElo "1200"]
[WhiteClock "00:35:56"]
[BlackClock "00:23:53"]
[WhiteTeam "fuß brothers Jena"]
[BlackTeam "USC Magdeburg"]
[PlyCount "58"]
[BlackFideId "34624813"]
[EventCountry "GER"]
[EventRounds "7"]
[EventType "team-swiss"]
[EventDate "2023.12.27"]

1. e4 {[%clk 00:55:09]} {[%emt 00:00:01]} e5 {[%clk 00:54:53]} {[%emt
00:00:17]} 2. Nf3 {[%clk 00:55:10]} {[%emt 00:00:03]} Nc6 {[%clk 00:54:38]}
{[%emt 00:00:21]} 3. Bc4 {[%clk 00:55:01]} {[%emt 00:00:13]} Bc5 {[%clk
00:54:29]} {[%emt 00:00:16]} 4. Nc3 {[%clk 00:54:57]} {[%emt 00:00:08]} Nf6
{[%clk 00:54:03]} {[%emt 00:00:31]} 5. d3 {[%clk 00:54:31]} {[%emt 00:00:32]}
h6 {[%clk 00:53:38]} {[%emt 00:00:29]} 6. O-O {[%clk 00:54:29]} {[%emt
00:00:08]} d6 {[%emt 00:00:13]} 7. Be3 {[%clk 00:54:28]} {[%emt 00:00:04]} Bb6
{[%clk 00:53:16]} {[%emt 00:00:21]} 8. Nd5 {[%clk 00:53:30]} {[%emt 00:01:03]}
Bg4 {[%clk 00:49:58]} {[%emt 00:03:23]} 9. h3 {[%clk 00:53:20]} {[%emt
00:00:15]} Bh5 {[%clk 00:49:35]} {[%emt 00:00:28]} 10. b4 {[%clk 00:52:00]}
{[%emt 00:01:25]} O-O {[%clk 00:48:19]} {[%emt 00:01:21]} 11. c3 {[%clk
00:51:15]} {[%emt 00:00:46]} a6 {[%clk 00:46:00]} {[%emt 00:02:29]} 12. d4
{[%clk 00:50:56]} {[%emt 00:00:21]} Nxe4 {[%clk 00:43:42]} {[%emt 00:02:26]}
13. Rc1 {[%clk 00:48:45]} {[%emt 00:02:14]} Ne7 {[%clk 00:42:19]} {[%emt
00:01:31]} 14. Bd3 {[%clk 00:48:10]} {[%emt 00:00:40]} Nf6 {[%clk 00:39:59]}
{[%emt 00:02:25]} 15. Nxf6+ {[%clk 00:47:53]} {[%emt 00:00:22]} gxf6 {[%clk
00:39:13]} {[%emt 00:00:52]} 16. Be2 {[%clk 00:47:37]} {[%emt 00:00:21]} Kh7
{[%clk 00:37:20]} {[%emt 00:01:57]} 17. dxe5 {[%clk 00:46:01]} {[%emt
00:01:11]} dxe5 {[%clk 00:35:42]} {[%emt 00:02:14]} 18. Qc2+ {[%clk 00:44:31]}
{[%emt 00:01:14]} Bg6 {[%clk 00:34:44]} {[%emt 00:01:24]} 19. Qb3 {[%clk
00:42:12]} {[%emt 00:02:25]} Qd7 {[%clk 00:33:15]} {[%emt 00:01:34]} 20. Rcd1
{[%clk 00:41:24]} {[%emt 00:00:52]} Qe6 {[%clk 00:32:13]} {[%emt 00:01:07]} 21.
c4 {[%clk 00:40:37]} {[%emt 00:00:52]} Rg8 {[%clk 00:31:35]} {[%emt 00:00:43]}
22. Bd3 {[%clk 00:39:26]} {[%emt 00:01:15]} Bxd3 {[%clk 00:30:16]} {[%emt
00:01:24]} 23. Qxd3+ {[%clk 00:39:14]} {[%emt 00:00:17]} e4 {[%clk 00:29:50]}
{[%emt 00:00:33]} 24. Qc2 {[%clk 00:39:01]} {[%emt 00:00:11]} Qxh3 {[%clk
00:27:37]} {[%emt 00:02:23]} 25. Ng5+ {[%clk 00:38:26]} {[%emt 00:00:41]} Rxg5
{[%clk 00:26:02]} {[%emt 00:01:39]} 26. Bxg5 {[%clk 00:38:23]} {[%emt
00:00:07]} Qf5 {[%clk 00:24:50]} {[%emt 00:01:18]} 27. Bc1 {[%clk 00:37:59]}
{[%emt 00:00:29]} Rg8 {[%clk 00:24:02]} {[%emt 00:00:53]} 28. g3 {[%clk
00:36:25]} {[%emt 00:01:39]} Rxg3+ {[%clk 00:23:57]} {[%emt 00:00:10]} 29. Kh2
{[%clk 00:35:56]} {[%emt 00:00:35]} Qh3# {[%clk 00:23:53]} {[%emt 00:00:09]}
0-1

[Event "DVM U10 2023"]
[Site "Magdeburg GER"]
[Date "2023.12.28"]
[Round "4"]
[White "Kalusche, Jannes"]
[Black "Wangemann, Emanuel Njoya"]
[Result "0-1"]
[Termination "normal"]
[Board "19.3"]
[WhiteElo "846"]
[BlackElo "782"]
[WhiteClock "00:37:24"]
[BlackClock "00:42:20"]
[WhiteTeam "USC Magdeburg"]
[BlackTeam "fuß brothers Jena"]
[PlyCount "78"]
[EventCountry "GER"]
[EventRounds "7"]
[EventType "team-swiss"]
[EventDate "2023.12.27"]

1. e4 {[%clk 00:54:56]} {[%emt 00:00:13]} e5 {[%clk 00:55:05]} {[%emt
00:00:06]} 2. Nf3 {[%clk 00:54:50]} {[%emt 00:00:11]} Nc6 {[%clk 00:55:02]}
{[%emt 00:00:09]} 3. Bc4 {[%clk 00:54:47]} {[%emt 00:00:07]} Nh6 {[%clk
00:54:42]} {[%emt 00:00:25]} 4. Ng5 {[%clk 00:54:47]} {[%emt 00:00:06]} Bc5
{[%clk 00:54:30]} {[%emt 00:00:16]} 5. Nxf7 {[%emt 00:00:13]} Nxf7 {[%emt
00:00:09]} 6. c3 {[%clk 00:53:51]} {[%emt 00:00:39]} O-O {[%clk 00:54:24]}
{[%emt 00:00:11]} 7. d4 {[%clk 00:53:39]} {[%emt 00:00:16]} exd4 {[%emt
00:00:14]} 8. cxd4 {[%emt 00:00:05]} Bxd4 {[%clk 00:53:54]} {[%emt 00:00:16]}
9. Be3 {[%clk 00:52:54]} {[%emt 00:00:49]} Bxb2 {[%clk 00:53:50]} {[%emt
00:00:10]} 10. Nd2 {[%clk 00:52:05]} {[%emt 00:00:54]} Bxa1 {[%clk 00:53:45]}
{[%emt 00:00:11]} 11. Qxa1 {[%emt 00:00:27]} Na5 {[%emt 00:00:16]} 12. Bd3
{[%clk 00:51:07]} {[%emt 00:00:19]} g6 {[%clk 00:53:19]} {[%emt 00:00:31]} 13.
Bd4 {[%clk 00:50:34]} {[%emt 00:00:37]} Re8 {[%clk 00:52:47]} {[%emt 00:00:35]}
14. Bb2 {[%clk 00:50:26]} {[%emt 00:00:15]} Nc6 {[%clk 00:51:57]} {[%emt
00:00:56]} 15. Qc1 {[%clk 00:49:56]} {[%emt 00:00:35]} Nce5 {[%clk 00:51:47]}
{[%emt 00:00:15]} 16. Qc3 {[%clk 00:49:38]} {[%emt 00:00:23]} d6 {[%emt
00:00:17]} 17. Bc4 {[%emt 00:01:34]} Be6 {[%clk 00:49:37]} {[%emt 00:00:24]}
18. Nf3 {[%clk 00:48:57]} {[%emt 00:00:46]} Bxc4 {[%clk 00:49:28]} {[%emt
00:00:15]} 19. Nxe5 {[%clk 00:48:32]} {[%emt 00:00:29]} Nxe5 {[%clk 00:49:09]}
{[%emt 00:00:26]} 20. Kd1 {[%clk 00:46:24]} {[%emt 00:02:13]} Qg5 {[%clk
00:49:06]} {[%emt 00:00:06]} 21. g3 {[%clk 00:45:49]} {[%emt 00:00:42]} Qf6
{[%clk 00:48:19]} {[%emt 00:00:50]} 22. f4 {[%clk 00:44:04]} {[%emt 00:01:52]}
Bb5 {[%emt 00:00:55]} 23. fxe5 {[%emt 00:00:20]} dxe5 {[%clk 00:46:35]} {[%emt
00:00:21]} 24. Qb3+ {[%clk 00:44:03]} {[%emt 00:00:19]} Re6 {[%clk 00:46:08]}
{[%emt 00:00:32]} 25. Qxb5 {[%clk 00:43:50]} {[%emt 00:00:18]} Qf3+ {[%clk
00:45:54]} {[%emt 00:00:18]} 26. Ke1 {[%clk 00:43:38]} {[%emt 00:00:17]} Qxh1+
{[%clk 00:45:42]} {[%emt 00:00:19]} 27. Kf2 {[%clk 00:43:18]} {[%emt 00:00:24]}
Qxh2+ {[%clk 00:45:25]} {[%emt 00:00:21]} 28. Kf3 {[%clk 00:43:05]} {[%emt
00:00:20]} Rae8 {[%clk 00:45:14]} {[%emt 00:00:16]} 29. Qxb7 {[%clk 00:42:45]}
{[%emt 00:00:24]} a5 {[%clk 00:44:58]} {[%emt 00:00:22]} 30. Qxc7 {[%clk
00:42:32]} {[%emt 00:00:16]} Qxb2 {[%clk 00:44:44]} {[%emt 00:00:20]} 31. Qxa5
{[%clk 00:42:17]} {[%emt 00:00:21]} Qb6 {[%clk 00:44:36]} {[%emt 00:00:13]} 32.
Qd5 {[%clk 00:41:35]} {[%emt 00:00:47]} Qc6 {[%clk 00:43:59]} {[%emt 00:00:16]}
33. Qa5 {[%clk 00:40:59]} {[%emt 00:01:07]} Qa6 {[%clk 00:43:48]} {[%emt
00:00:15]} 34. Qd5 {[%clk 00:40:48]} {[%emt 00:00:17]} h5 {[%clk 00:43:33]}
{[%emt 00:00:19]} 35. g4 {[%clk 00:40:43]} {[%emt 00:00:12]} h4 {[%clk
00:43:11]} {[%emt 00:00:26]} 36. Kg2 {[%clk 00:40:37]} {[%emt 00:00:10]} Qe2+
{[%clk 00:42:47]} {[%emt 00:00:30]} 37. Kh3 {[%clk 00:40:30]} {[%emt 00:00:12]}
g5 {[%clk 00:42:38]} {[%emt 00:00:13]} 38. Qd7 {[%clk 00:39:46]} {[%emt
00:00:48]} Qe1 {[%clk 00:42:30]} {[%emt 00:00:13]} 39. Qd5 {[%clk 00:37:24]}
{[%emt 00:02:27]} Qh1# {[%clk 00:42:20]} {[%emt 00:00:11]} 0-1

[Event "DVM U10 2023"]
[Site "Magdeburg GER"]
[Date "2023.12.28"]
[Round "4"]
[White "Börner, Martha"]
[Black "Tran, Nhat Nam"]
[Result "0-1"]
[Termination "normal"]
[Board "20.1"]
[WhiteElo "1146"]
[BlackElo "1302"]
[WhiteClock "00:35:06"]
[BlackClock "00:42:56"]
[WhiteTeam "SV Eintracht Tangerhütte"]
[BlackTeam "Greifswalder SV"]
[PlyCount "68"]
[WhiteFideId "34665382"]
[BlackFideId "34692193"]
[EventCountry "GER"]
[EventRounds "7"]
[EventType "team-swiss"]
[EventDate "2023.12.27"]

1. e4 {[%clk 00:55:07]} {[%emt 00:00:02]} e5 {[%clk 00:54:56]} {[%emt
00:00:15]} 2. Nf3 {[%clk 00:55:03]} {[%emt 00:00:09]} Nc6 {[%clk 00:54:53]}
{[%emt 00:00:09]} 3. Bb5 {[%clk 00:54:59]} {[%emt 00:00:08]} a6 {[%clk
00:54:45]} {[%emt 00:00:12]} 4. Bxc6 {[%emt 00:00:09]} dxc6 {[%emt 00:00:07]}
5. O-O {[%clk 00:54:38]} {[%emt 00:00:11]} Bg4 {[%clk 00:54:37]} {[%emt
00:00:13]} 6. d3 {[%clk 00:54:20]} {[%emt 00:00:23]} Nf6 {[%clk 00:54:07]}
{[%emt 00:00:35]} 7. Nc3 {[%clk 00:53:56]} {[%emt 00:00:28]} Bc5 {[%clk
00:53:41]} {[%emt 00:00:32]} 8. h3 {[%clk 00:53:42]} {[%emt 00:00:19]} Bh5
{[%clk 00:53:35]} {[%emt 00:00:11]} 9. Qe2 {[%clk 00:53:19]} {[%emt 00:00:25]}
O-O {[%clk 00:53:09]} {[%emt 00:00:33]} 10. Bg5 {[%clk 00:53:13]} {[%emt
00:00:10]} Qd6 {[%clk 00:52:21]} {[%emt 00:00:55]} 11. a3 {[%clk 00:52:45]}
{[%emt 00:00:33]} Nd7 {[%clk 00:51:57]} {[%emt 00:00:29]} 12. Na4 {[%clk
00:51:39]} {[%emt 00:01:09]} Ba7 {[%clk 00:51:39]} {[%emt 00:00:26]} 13. Be3
{[%clk 00:51:20]} {[%emt 00:00:23]} b5 {[%clk 00:51:08]} {[%emt 00:00:36]} 14.
Bxa7 {[%emt 00:00:53]} Rxa7 {[%emt 00:00:14]} 15. Nc3 {[%clk 00:50:02]} {[%emt
00:00:16]} f5 {[%clk 00:50:44]} {[%emt 00:00:29]} 16. Qe3 {[%clk 00:49:41]}
{[%emt 00:00:26]} Raa8 {[%clk 00:50:12]} {[%emt 00:00:39]} 17. Rfd1 {[%clk
00:49:28]} {[%emt 00:00:16]} f4 {[%clk 00:49:59]} {[%emt 00:00:18]} 18. Qe2
{[%clk 00:48:28]} {[%emt 00:01:02]} g5 {[%clk 00:48:20]} {[%emt 00:01:48]} 19.
a4 {[%clk 00:46:50]} {[%emt 00:01:43]} b4 {[%clk 00:47:36]} {[%emt 00:00:50]}
20. Na2 {[%clk 00:46:20]} {[%emt 00:00:32]} c5 {[%clk 00:47:12]} {[%emt
00:00:31]} 21. b3 {[%clk 00:45:37]} {[%emt 00:00:46]} Qg6 {[%clk 00:46:52]}
{[%emt 00:00:26]} 22. Re1 {[%clk 00:40:56]} {[%emt 00:04:45]} g4 {[%clk
00:46:40]} {[%emt 00:00:18]} 23. hxg4 {[%clk 00:40:43]} {[%emt 00:00:17]} Qxg4
{[%clk 00:46:35]} {[%emt 00:00:11]} 24. Kf1 {[%clk 00:39:56]} {[%emt 00:00:48]}
Kh8 {[%clk 00:46:20]} {[%emt 00:00:25]} 25. Nh2 {[%clk 00:39:26]} {[%emt
00:00:32]} Qh4 {[%clk 00:45:49]} {[%emt 00:00:39]} 26. f3 {[%clk 00:37:49]}
{[%emt 00:01:42]} Qxh2 {[%clk 00:45:42]} {[%emt 00:00:12]} 27. Kf2 {[%clk
00:37:37]} {[%emt 00:00:15]} Rg8 {[%clk 00:45:31]} {[%emt 00:00:18]} 28. Rg1
{[%clk 00:37:20]} {[%emt 00:00:20]} Qg3+ {[%clk 00:44:45]} {[%emt 00:00:52]}
29. Kf1 {[%clk 00:37:02]} {[%emt 00:00:22]} Rg7 {[%clk 00:44:04]} {[%emt
00:00:48]} 30. Nc1 {[%clk 00:36:05]} {[%emt 00:01:00]} Rag8 {[%clk 00:43:52]}
{[%emt 00:00:18]} 31. Ra2 {[%clk 00:35:40]} {[%emt 00:00:31]} Bxf3 {[%clk
00:43:20]} {[%emt 00:00:38]} 32. Qxf3 {[%clk 00:35:27]} {[%emt 00:00:18]} Qxf3+
{[%clk 00:43:11]} {[%emt 00:00:14]} 33. gxf3 {[%clk 00:35:16]} {[%emt
00:00:15]} Rxg1+ {[%clk 00:43:06]} {[%emt 00:00:10]} 34. Ke2 {[%clk 00:35:06]}
{[%emt 00:00:07]} R8g2# {[%clk 00:42:56]} {[%emt 00:00:17]} 0-1

[Event "DVM U10 2023"]
[Site "Magdeburg GER"]
[Date "2023.12.28"]
[Round "5"]
[White "Sutharjan, Dakxwin"]
[Black "Chakhalov, Mikael"]
[Result "1-0"]
[Termination "normal"]
[Board "1.1"]
[WhiteElo "1658"]
[BlackElo "1623"]
[WhiteClock "00:22:01"]
[BlackClock "00:11:10"]
[WhiteTeam "SF Brackel 1930"]
[BlackTeam "SK Zehlendorf"]
[PlyCount "99"]
[WhiteFideId "34606548"]
[BlackFideId "34644458"]
[EventCountry "GER"]
[EventRounds "7"]
[EventType "team-swiss"]
[EventDate "2023.12.27"]

1. e4 {[%clk 00:55:08]} {[%emt 00:00:02]} c5 {[%clk 00:55:07]} {[%emt
00:00:04]} 2. c3 {[%clk 00:55:02]} {[%emt 00:00:10]} d5 {[%clk 00:55:05]}
{[%emt 00:00:08]} 3. exd5 {[%clk 00:54:56]} {[%emt 00:00:11]} Qxd5 {[%clk
00:55:08]} {[%emt 00:00:02]} 4. d4 {[%clk 00:54:48]} {[%emt 00:00:12]} e6
{[%clk 00:54:49]} {[%emt 00:00:24]} 5. Nf3 {[%clk 00:54:44]} {[%emt 00:00:09]}
Nf6 {[%clk 00:54:47]} {[%emt 00:00:08]} 6. Bd3 {[%clk 00:53:58]} {[%emt
00:00:51]} Nc6 {[%clk 00:54:36]} {[%emt 00:00:15]} 7. O-O {[%clk 00:53:36]}
{[%emt 00:00:27]} Bd7 {[%clk 00:53:36]} {[%emt 00:01:05]} 8. Be3 {[%clk
00:52:55]} {[%emt 00:00:46]} Be7 {[%clk 00:49:14]} {[%emt 00:04:27]} 9. dxc5
{[%clk 00:49:23]} {[%emt 00:03:37]} Bxc5 {[%clk 00:48:50]} {[%emt 00:00:29]}
10. Bxc5 {[%clk 00:48:55]} {[%emt 00:00:33]} Qxc5 {[%clk 00:48:50]} {[%emt
00:00:04]} 11. Nbd2 {[%clk 00:48:30]} {[%emt 00:00:30]} O-O {[%clk 00:48:11]}
{[%emt 00:00:45]} 12. Ne4 {[%clk 00:48:00]} {[%emt 00:00:34]} Nxe4 {[%clk
00:47:44]} {[%emt 00:00:33]} 13. Bxe4 {[%clk 00:47:59]} {[%emt 00:00:05]} Rfd8
{[%clk 00:47:21]} {[%emt 00:00:29]} 14. Qc2 {[%clk 00:47:57]} {[%emt 00:00:07]}
h6 {[%clk 00:47:11]} {[%emt 00:00:15]} 15. Rad1 {[%clk 00:46:47]} {[%emt
00:01:15]} Rab8 {[%clk 00:45:01]} {[%emt 00:02:15]} 16. Qe2 {[%clk 00:45:56]}
{[%emt 00:00:56]} Ne7 {[%clk 00:43:49]} {[%emt 00:01:17]} 17. Rfe1 {[%clk
00:44:00]} {[%emt 00:02:01]} Bc6 {[%clk 00:43:29]} {[%emt 00:00:25]} 18. Nd4
{[%clk 00:42:36]} {[%emt 00:01:29]} Bxe4 {[%clk 00:43:05]} {[%emt 00:00:28]}
19. Qxe4 {[%clk 00:42:21]} {[%emt 00:00:20]} Qd5 {[%clk 00:41:15]} {[%emt
00:01:47]} 20. Qxd5 {[%clk 00:42:04]} {[%emt 00:00:29]} Nxd5 {[%clk 00:41:09]}
{[%emt 00:00:12]} 21. g3 {[%clk 00:41:10]} {[%emt 00:00:59]} a6 {[%clk
00:39:47]} {[%emt 00:01:28]} 22. Kg2 {[%clk 00:40:21]} {[%emt 00:00:53]} Rbc8
{[%clk 00:38:50]} {[%emt 00:01:03]} 23. Nc2 {[%clk 00:39:09]} {[%emt 00:01:17]}
b5 {[%clk 00:38:09]} {[%emt 00:00:45]} 24. Rd4 {[%clk 00:36:08]} {[%emt
00:03:06]} Nb6 {[%clk 00:37:06]} {[%emt 00:01:09]} 25. Red1 {[%clk 00:32:52]}
{[%emt 00:03:20]} Rxd4 {[%clk 00:37:03]} {[%emt 00:00:08]} 26. Nxd4 {[%clk
00:31:03]} {[%emt 00:01:55]} Nc4 {[%clk 00:35:37]} {[%emt 00:01:31]} 27. b3
{[%clk 00:30:46]} {[%emt 00:00:21]} Nb6 {[%clk 00:26:26]} {[%emt 00:09:17]} 28.
Ne2 {[%clk 00:26:50]} {[%emt 00:04:01]} Kf8 {[%clk 00:24:25]} {[%emt 00:02:06]}
29. Rd6 {[%clk 00:26:24]} {[%emt 00:00:30]} Nd5 {[%clk 00:22:00]} {[%emt
00:02:30]} 30. Rxa6 {[%clk 00:25:55]} {[%emt 00:00:35]} Nxc3 {[%clk 00:21:59]}
{[%emt 00:00:06]} 31. Nxc3 {[%clk 00:25:54]} {[%emt 00:00:06]} Rxc3 {[%clk
00:22:00]} {[%emt 00:00:04]} 32. Ra5 {[%clk 00:25:40]} {[%emt 00:00:18]} Rc2
{[%clk 00:21:26]} {[%emt 00:00:39]} 33. b4 {[%clk 00:25:05]} {[%emt 00:00:40]}
Ke7 {[%clk 00:20:56]} {[%emt 00:00:35]} 34. a3 {[%clk 00:25:01]} {[%emt
00:00:09]} Rc3 {[%clk 00:20:30]} {[%emt 00:00:32]} 35. Rxb5 {[%clk 00:24:47]}
{[%emt 00:00:17]} Rxa3 {[%clk 00:20:29]} {[%emt 00:00:08]} 36. Rb7+ {[%clk
00:24:46]} {[%emt 00:00:06]} Kf6 {[%clk 00:20:14]} {[%emt 00:00:20]} 37. b5
{[%clk 00:24:47]} {[%emt 00:00:04]} Rb3 {[%clk 00:20:05]} {[%emt 00:00:14]} 38.
b6 {[%clk 00:24:44]} {[%emt 00:00:08]} g5 {[%clk 00:18:55]} {[%emt 00:01:14]}
39. Rb8 {[%clk 00:24:28]} {[%emt 00:00:21]} Ke7 {[%clk 00:18:04]} {[%emt
00:00:56]} 40. b7 {[%clk 00:24:26]} {[%emt 00:00:08]} Kd7 {[%emt 00:01:09]} 41.
Rf8 {[%clk 00:24:25]} Rxb7 {[%clk 00:16:42]} {[%emt 00:00:28]} 42. Rxf7+ {[%clk
00:24:21]} {[%emt 00:00:08]} Kc6 {[%clk 00:16:43]} {[%emt 00:00:04]} 43. Rxb7
{[%clk 00:24:09]} {[%emt 00:00:17]} Kxb7 {[%clk 00:16:43]} {[%emt 00:00:06]}
44. Kf3 {[%clk 00:24:12]} {[%emt 00:00:02]} Kc6 {[%clk 00:12:24]} {[%emt
00:04:24]} 45. Kg4 {[%clk 00:24:05]} {[%emt 00:00:12]} Kd5 {[%clk 00:12:21]}
{[%emt 00:00:08]} 46. Kh5 {[%clk 00:24:05]} {[%emt 00:00:04]} Ke5 {[%clk
00:12:00]} {[%emt 00:00:27]} 47. Kxh6 {[%clk 00:23:57]} {[%emt 00:00:13]} Kf5
{[%clk 00:11:47]} {[%emt 00:00:19]} 48. Kh5 {[%clk 00:23:54]} {[%emt 00:00:07]}
e5 {[%clk 00:11:14]} {[%emt 00:00:37]} 49. f3 {[%clk 00:22:04]} {[%emt
00:01:55]} Kf6 {[%clk 00:11:10]} {[%emt 00:00:09]} 50. g4 {[%clk 00:22:01]}
{[%emt 00:00:08]} 1-0

[Event "DVM U10 2023"]
[Site "Magdeburg GER"]
[Date "2023.12.28"]
[Round "5"]
[White "Schmidt, Alexander Nadvid"]
[Black "Rogner, Alexander Luis"]
[Result "0-1"]
[Termination "normal"]
[Board "1.2"]
[WhiteElo "1462"]
[BlackElo "1531"]
[WhiteClock "00:45:52"]
[BlackClock "00:22:25"]
[WhiteTeam "SK Zehlendorf"]
[BlackTeam "SF Brackel 1930"]
[PlyCount "44"]
[WhiteFideId "34661360"]
[BlackFideId "34606556"]
[EventCountry "GER"]
[EventRounds "7"]
[EventType "team-swiss"]
[EventDate "2023.12.27"]

1. e4 {[%clk 00:55:08]} {[%emt 00:00:02]} e5 {[%clk 00:55:02]} {[%emt
00:00:09]} 2. Nf3 {[%clk 00:55:07]} {[%emt 00:00:06]} Nc6 {[%clk 00:54:59]}
{[%emt 00:00:08]} 3. Bc4 {[%clk 00:55:06]} {[%emt 00:00:06]} Bc5 {[%clk
00:54:59]} {[%emt 00:00:05]} 4. c3 {[%clk 00:55:00]} {[%emt 00:00:10]} Nf6
{[%clk 00:54:46]} {[%emt 00:00:19]} 5. d4 {[%clk 00:54:54]} {[%emt 00:00:10]}
exd4 {[%clk 00:54:43]} {[%emt 00:00:08]} 6. e5 {[%clk 00:54:53]} {[%emt
00:00:07]} d5 {[%clk 00:54:41]} {[%emt 00:00:06]} 7. Bb5 {[%clk 00:54:51]}
{[%emt 00:00:07]} Ne4 {[%clk 00:54:36]} {[%emt 00:00:11]} 8. cxd4 {[%clk
00:54:48]} {[%emt 00:00:07]} Bb6 {[%clk 00:54:35]} {[%emt 00:00:06]} 9. Nc3
{[%clk 00:54:45]} {[%emt 00:00:08]} O-O {[%clk 00:54:33]} {[%emt 00:00:07]} 10.
O-O {[%clk 00:54:21]} {[%emt 00:00:29]} Bg4 {[%clk 00:54:23]} {[%emt 00:00:16]}
11. Bxc6 {[%clk 00:53:51]} {[%emt 00:00:34]} bxc6 {[%clk 00:54:20]} {[%emt
00:00:08]} 12. Be3 {[%clk 00:53:33]} {[%emt 00:00:23]} f6 {[%clk 00:53:45]}
{[%emt 00:00:41]} 13. h3 {[%clk 00:52:23]} {[%emt 00:01:14]} Bh5 {[%clk
00:53:41]} {[%emt 00:00:09]} 14. Kh2 {[%clk 00:52:00]} {[%emt 00:00:28]} fxe5
{[%clk 00:52:44]} {[%emt 00:01:02]} 15. dxe5 {[%clk 00:51:32]} {[%emt
00:00:33]} Bxf3 {[%clk 00:51:16]} {[%emt 00:01:33]} 16. gxf3 {[%clk 00:51:18]}
{[%emt 00:00:19]} Nxc3 {[%clk 00:50:03]} {[%emt 00:01:19]} 17. bxc3 {[%clk
00:50:37]} {[%emt 00:00:45]} Qd7 {[%clk 00:38:46]} {[%emt 00:11:22]} 18. f4
{[%clk 00:50:30]} {[%emt 00:00:11]} Kh8 {[%clk 00:35:39]} {[%emt 00:03:12]} 19.
Rg1 {[%clk 00:49:47]} {[%emt 00:00:48]} Rae8 {[%clk 00:30:18]} {[%emt
00:05:27]} 20. Qd3 {[%clk 00:49:03]} {[%emt 00:00:48]} Re6 {[%clk 00:24:13]}
{[%emt 00:06:11]} 21. Rg2 {[%clk 00:47:01]} {[%emt 00:02:07]} Rh6 {[%clk
00:22:30]} {[%emt 00:01:48]} 22. Rg4 {[%clk 00:45:52]} {[%emt 00:01:14]} Qxg4
{[%clk 00:22:25]} {[%emt 00:00:10]} 0-1